Vyznačenie slovenského maliara

Noticka o zakúpení obrazu mesta Lučenec od Ľudovíta Čordáka ministerstvom školstva, čím sa autorovi dostalo ocenenia jeho celoživotného diela

Bibliographic Details
Format: Article
Language:Slovak
Subjects:

MARC

LEADER 00000nab a22000001a 4500
001 vtls008997393
003 SK-MaSNL
005 20260303065805.0
008 070608d19270412xo |r|p|||| |000 b|slo
015 |a SNBRRBVU1918-1938 
038 |a SNKBUCL 
038 |a SNKBUVU 
040 |a SNKBUVU  |b slo  |c SNKBUCL  |e AACR2 
041 0 |a slo 
044 |a xo  |c SK 
080 |a 75.071.1  |2 1997 
245 0 0 |a Vyznačenie slovenského maliara 
500 |a V rubrike Denné zvesti 
500 |a Čordák, Ľudovít (Csordák) - slov. maliar, výtv. pedagóg (8.2.1864 Košice - 28.6.1937 Košice). Študoval na škole pre učiteľov kreslenia v Budapešti, v r. 1889-95 na AVU v Prahe (prof. Mařák). Od r. 1912 žil a tvoril v Košiciach. Člen spolku Mánes, zaklad. člen Nemzeti Szalónu v Budapešti 
520 |a Noticka o zakúpení obrazu mesta Lučenec od Ľudovíta Čordáka ministerstvom školstva, čím sa autorovi dostalo ocenenia jeho celoživotného diela 
600 1 7 |a Čordák, Ľudovít,  |d 1864-1937  |2 MM  |9 38226 
651 7 |a Lučenec (Slovensko)  |2 MM  |9 29545 
655 7 |a biografické poznámky  |2 MM  |9 409835 
773 0 |t Slovák  |g Roč. 9, č. 83 (12.4.1927), s. 4 
852 |a SNK  |b KIS3GCP 
910 |a snkrbvumm 
958 |a VY 
958 |a BX 
999 |c 1752715  |d 1754645